000 00554nam a22001697a 4500
003 BD-DhUL
005 20171108153050.0
008 171108s1923 gw ||||| |||| 00| 0 per d
040 _aBD-DhUL
_cBD-DhUL
082 _a891.551
_bBAN
100 1 _aبدر الدین فراھی، ابو نصر محمد
245 0 _aنصاب الصبیان /
_cابو نصر محمد بدر الدین فراھی
260 _aبرلین :
_bچاپخانه شرکت،،
_c۔۱۹۲۳
300 _aص۔ ۶۹ ؛
_c۲۴ سم۔
650 0 _aPersian poetry
942 _2ddc
_cBK
999 _c231844
_d231844